Southville International School and Colleges
Your cart is empty.
  • Cart
  • Lists
    Public lists Eva Luna New books Lux_list list_1
    Your lists Log in to create your own lists
  • Log in to your account
  • Your cookies
  • Search history
Southville International School and Colleges
  • Advanced search
  • Recent comments
  • Most popular
  • Libraries

Log in to your account

Log in with GOOGLE


If you do not have an external account, but do have a local account, you can still log in:

  1. Home
  2. MARC view: Laboratory manual in introductory physics /
Normal view MARC view ISBD view

Laboratory manual in introductory physics / (Record no. 291882)

[ view plain ]
MARC details
000 -LEADER
fixed length control field 00728nam a2200241Ia 4500
008 - FIXED-LENGTH DATA ELEMENTS--GENERAL INFORMATION
fixed length control field 160319s9999 xx 000 0 und d
020 ## - INTERNATIONAL STANDARD BOOK NUMBER
International Standard Book Number 978-971-584-615-8
050 ## - LIBRARY OF CONGRESS CALL NUMBER
Classification number FIL QC 37
050 ## - LIBRARY OF CONGRESS CALL NUMBER
Item number .M46 2010
100 ## - MAIN ENTRY--PERSONAL NAME
Personal name Mendoza, Phebe P.
245 ## - TITLE STATEMENT
Title Laboratory manual in introductory physics /
245 ## - TITLE STATEMENT
Statement of responsibility, etc Phebe P. Mendoza, Alma B. Punzalan, Maria Cristina A. Sicat.
250 ## - EDITION STATEMENT
Edition statement Revised Edition
260 ## - PUBLICATION, DISTRIBUTION, ETC. (IMPRINT)
Place of publication, distribution, etc Quezon City:
260 ## - PUBLICATION, DISTRIBUTION, ETC. (IMPRINT)
Name of publisher, distributor, etc C&E Publishing, Inc.
260 ## - PUBLICATION, DISTRIBUTION, ETC. (IMPRINT)
Date of publication, distribution, etc 2010
300 ## - PHYSICAL DESCRIPTION
Extent 71 pages :
300 ## - PHYSICAL DESCRIPTION
Other physical details illustrations ;
300 ## - PHYSICAL DESCRIPTION
Dimensions 26 cm.
500 ## - GENERAL NOTE
General note Includes bibliographical references.
650 ## - SUBJECT ADDED ENTRY--TOPICAL TERM
Topical term or geographic name as entry element Physics -- Laboratory manuals.
650 ## - SUBJECT ADDED ENTRY--TOPICAL TERM
General subdivision Physics -- Study and teaching (Higher).
Holdings
Withdrawn status Lost status Damaged status Home library Current library Shelving location Date acquired Cost, normal purchase price Total Checkouts Full call number Barcode Date last seen Price effective from Koha item type
      South Mansfield College South Mansfield College Filipiniana Section 01/05/2016 971.55   FIL QC 37 .M46 2010 SMC06008 03/19/2016 03/19/2016  

Laboratory manual in introductory physics /

APA

Mendoza P. P., .Laboratory manual in introductory physics. Quezon City: .

Chicago

Mendoza Phebe P, .Laboratory manual in introductory physics. Quezon City: .

Harvard

Mendoza P. P., .Laboratory manual in introductory physics. Quezon City: .

MLA

Mendoza Phebe P, .Quezon City: . .

  • Place hold
  • Print
  • Cite
  • Add to your cart (remove)
  • Save record
    BIBTEX Dublin Core MARCXML MARC (non-Unicode/MARC-8) MARC (Unicode/UTF-8) MARC (Unicode/UTF-8, Standard) MODS (XML) RIS
  • More searches
    Search for this title in:
    Other Libraries (WorldCat) Other Databases (Google Scholar) Online Stores (Bookfinder.com) Open Library (openlibrary.org)

Exporting to Dublin Core...

SOUTHVILLE LIBRARY

Southville International School and Colleges Library

1281 Tropical Ave. Cor. Luxembourg St., BF Homes International, Las Pinas City

Tel. No. 8256374 / 252358 Loc. 117/146

Powered by Koha